U.S. States by Date of Admission to the Union - With a Map - Statistics

General Stats
  • This quiz has been taken 3,354 times
  • The average score is 38 of 50
Answers on the Map
Answers color-coded by a green-red scale on the quiz's map according to % correct below.
 
Answer Stats
Date State % Correct
December 7, 1787 Delaware
98%
December 12, 1787 Pennsylvania
91%
December 18, 1787 New Jersey
87%
January 2, 1788 Georgia
84%
January 9, 1788 Connecticut
83%
April 28, 1788 Maryland
83%
February 6, 1788 Massachusetts
83%
July 26, 1788 New York
83%
June 25, 1788 Virginia
83%
January 3, 1959 Alaska
81%
August 21, 1959 Hawaii
81%
June 21, 1788 New Hampshire
81%
November 21, 1789 North Carolina
81%
May 23, 1788 South Carolina
81%
March 4, 1791 Vermont
81%
June 1, 1792 Kentucky
80%
March 1, 1803 Ohio
80%
May 29, 1790 Rhode Island
80%
June 1, 1796 Tennessee
79%
April 30, 1812 Louisiana
77%
December 14, 1819 Alabama
76%
December 11, 1816 Indiana
76%
March 15, 1820 Maine
76%
December 10, 1817 Mississippi
76%
December 29, 1845 Texas
76%
February 14, 1912 Arizona
75%
September 9, 1850 California
75%
December 3, 1818 Illinois
75%
August 10, 1821 Missouri
75%
January 6, 1912 New Mexico
74%
June 15, 1836 Arkansas
73%
March 3, 1845 Florida
73%
January 26, 1837 Michigan
73%
June 20, 1863 West Virginia
73%
December 28, 1846 Iowa
72%
January 29, 1861 Kansas
72%
May 29, 1848 Wisconsin
72%
May 11, 1858 Minnesota
71%
November 16, 1907 Oklahoma
71%
October 31, 1864 Nevada
70%
November 2, 1889 North Dakota
70%
February 14, 1859 Oregon
70%
November 2, 1889 South Dakota
70%
January 4, 1896 Utah
70%
August 1, 1876 Colorado
68%
July 3, 1890 Idaho
68%
November 8, 1889 Montana
68%
March 1, 1867 Nebraska
68%
November 11, 1889 Washington
68%
July 10, 1890 Wyoming
68%
No matching quizzes found
Score Distribution
Percent of People with Each Score
Percentile by Number Answered
Your Score History
You have not taken this quiz